Tajomstvá Dumbledora: Fantastické zvery kompletný scenár

Bibliographic Details
Main Authors: Rowling, J. K., 1965- (Author, Scenarist), Kloves, Steven, 1960- (Author, Scenarist)
Other Authors: Yates, David, 1963- (Author of introduction, etc.), Heyman, David, 1961- (Contributor), Law, Jude, 1972- (Contributor), Redmayne, Eddie, 1982- (Contributor), Atwood, Colleen, 1948- (Contributor), Kralovičová, Oľga, 1957- (Translator)
Format: Book
Language:Slovak
English
PhysicalDescription:279 strán ilustrácie 24 cm
Published: Bratislava Ikar 2022
ISBN:9788055185866
Edition:Prvé vydanie
Subjects:

MARC

LEADER 00000cam a2200000 4500
001 vtls012157660
003 SK-MaSNL
005 20260301192241.0
008 221221s2022 xo a j 000 m slo
015 |a SNBA2023/07 
020 |a 9788055185866  |q (viazané) 
040 |a SNK  |b slo  |c SNK  |e rda 
041 1 |a slo  |h eng 
044 |a xo  |c SK 
072 7 |a 82-93  |x Literatúra pre deti a mládež  |2 konspekt 
072 7 |a 791  |x Film. Cirkus. Ľudová zábava  |2 konspekt 
080 |a 821.111-3  |2 2011 
080 |a 82-93-053.4/.5  |2 2011 
080 |a (0:82-25)  |2 2011 
080 |a 791.221.8:82-312.9  |2 2001 
100 1 |a Rowling, J. K.,  |d 1965-  |4 aut  |4 sce  |9 110992 
240 1 0 |a Fantastic Beasts: The Secrets of Dumbledore - The Complete Screenplay  |l Slovensky 
245 1 0 |a Tajomstvá Dumbledora: Fantastické zvery  |b kompletný scenár  |c autori scenára J. K. Rowlingová a Steve Kloves podľa scenára J. K. Rowlingovej ; predslov David kompletný scenár Yates ; s obsahom zo zákulisia a poznámkami Davida Heymana, Juda Lawa, Eddieho Redmayna, Colee Atwoodowej a ďalších ; z anglického originálu Fantastic Beasts: The Secrets of Dumbledore - The Complete Screenplay ... preložila Oľga Kralovičová 
246 3 3 |a Fantastické zvery: Tajomstvá Dumbledora  |b kompletný scenár 
250 |a Prvé vydanie 
264 1 |a Bratislava  |b Ikar  |c 2022 
300 |a 279 strán  |b ilustrácie  |c 24 cm 
336 |a text  |b txt  |2 rdacontent 
337 |a bez média  |b n  |2 rdamedia 
338 |a zväzok  |b nc  |2 rdacarrier 
630 0 7 |a Fantastické zvery Tajomstvá Dumbledora (film)  |2 SNKPHunif  |9 569969 
650 0 7 |a fantastické filmy  |2 SNKPH  |9 106154 
650 0 7 |a fantastic films  |2 SNKPHeng  |9 569970 
655 7 |a anglické prózy  |2 SNKPH  |9 70736 
655 7 |a literatúra pre deti a mládež  |2 SNKPH  |9 189378 
655 7 |a scenáre  |2 SNKPH  |9 63610 
655 7 |a English prose  |2 SNKPHeng  |9 277437 
655 7 |a Children's and juvenile literature  |2 SNKPHeng  |9 212725 
655 7 |a Scenarios  |2 SNKPHeng  |9 313010 
700 1 |a Kloves, Steven,  |d 1960-  |4 aut  |4 sce  |9 233633 
700 1 |a Yates, David,  |d 1963-  |4 aui  |9 233635 
700 1 |a Heyman, David,  |d 1961-  |4 ctb  |9 233686 
700 1 |a Law, Jude,  |d 1972-  |4 ctb  |9 196460 
700 1 |a Redmayne, Eddie,  |d 1982-  |4 ctb  |9 158812 
700 1 |a Atwood, Colleen,  |d 1948-  |4 ctb  |9 233640 
700 1 |a Kralovičová, Oľga,  |d 1957-  |4 trl  |9 86544 
852 |a Slovenská národná knižnica 
919 |a 978-80-551-8586-6 
954 |a beletria cudzojazyčná (svetová)  |2 lita 
958 |a LX 
958 |a UP 
968 |b ENG 
999 |c 873705  |d 875635 
952 |a SNK  |b SNK  |y PREZ  |7 0  |p 17A1518177  |o snkSC 200736  |i snk2023/1822  |8 0  |0 0  |1 0  |4 0  |d 2023-01-30  |l 0  |r 2025-10-23 00:00:00  |w 2026-02-24 
952 |a SNK  |b SNK  |y VYP  |7 0  |p 17A1518176  |o snkSC 200736 D1  |i snk2023/1823  |8 0  |0 0  |1 0  |2 udc  |4 0  |d 2023-01-30  |l 1  |r 2026-03-23 13:11:13  |s 2026-03-20  |w 2026-02-24